000 00246nam a22001097a 4500
999 _c64914
_d64911
082 _a297.562 K H U
100 _aحضرت امام خمینی
245 _aتحریر الوسلییۃ
260 _aایران
300 _a۶۵۱
942 _cBK